000 01107nam a22002057a 4500
005 20120210115659.0
020 _c75.00
_a9788189020934
082 _a
100 _aशान्ती कृष्णास्वामी
_941473
245 _aअबु और बड़ी हुबा /
_cशान्ती कृष्णास्वामी;वन्दना बिष्ट द्वारा चित्राँकित
250 _a4था संस्क
260 _aनई दिल्ली
_bकथा वर्ल्ड लाइब्रेरी
_c2010
270 _aए-3 सर्वोदय एनक्लेव, श्री औरोबिन्दो मार्ग
_bनई दिल्ली
_e110017
300 _aअ.पृ.
_bसचित्र
_c22सेमी (अजिल्द)
700 _941293
_aबिष्ट, वंदना
700 _941305
700 _941360
942 _2ddc
_cCH
_h
_mशान्तीकृ
999 _c62476
_d62476